Responses for National College Championship game #4 - Wednesday, February 9, 2022

2022 National College Championship quarterfinal game 4.

Contestants

[<< previous game]

Joey Kornman, a junior at Brandeis University in Waltham, Massachusetts

Mitch Macek, a sophomore at Villanova University in Villanova, Pennsylvania

Yejun Kim, a senior at Northwestern University in Evanston, Illinois

[next game >>]

Jeopardy! Round responses

THE ELEMENTS
APPROXIMATE WEIGHTS & MEASURES
GETTING YOUR LOOK TOGETHER
ORCHESTRA OF THE WHIRLED
TV SHOWS TO BINGE
HISTORIC MEAN TWEETS
(Guillermo Rodriguez: I'm Guillermo Rodriguez from Jimmy Kimmel Live! I'll read some mean tweets about people in history who cannot be here themselves.)
    $200 1
(Yejun: What is... platinum?)

plutonium

YejunMitch
    $200 12
bars

Joey
    $200 18
Urban Outfitters

Mitch
    $200 20
symphony

Yejun
    $200 9
Batwoman

Joey
    $200 27
Russia

Joey
    $400 2
potassium

Joey
    $400 14
sitting

Yejun
    $400 17
Warby Parker

Mitch
    $400 21
conductor

Mitch
    $400 22
[Joey left off the leading article of the correct response.]

The Queen's Gambit

Joey
    $400 26
circumnavigate the globe

Joey
    $600 7
calcium

Mitch
    $600 15
ply

Joey
    $600 19
Vans

Yejun
    $600 25
piccolo

Joey
    $600 30
(Joey: What are 2 Broke Girls?)

Gossip Girl

YejunJoey
    $600 5
(Yejun: Um... who is Mary Antoinette?)

Anne Boleyn

YejunJoey
    $1,000 8
(Mayim: Whoo! There's a Daily Double. You're in second place with $800. You can wager up to $1,000.)
(Mitch: Oh, I've always wanted to say this. Let's go all-in, baby. True Daily Double.)
(Mayim: Do you mean $800 for a True Daily Double?)
(Mitch: Oh, I'm sorry. $1,000, please.)
(Mayim: All-in for $1,000. To tie the lead if you're correct, here's the clue...)

helium

Mitch
    $800 11
wee

Mitch
    $800 6
Ulta

Yejun
    $800 24
philharmonic

Triple Stumper
    $800 29
Breaking Bad

Joey
    $800 3
Impressionism

Joey
    $1000 10
Joseph Priestley

Triple Stumper
    $1000 13
(Andrew) Carnegie

Mitch
    $1000 16
Madewell

Triple Stumper
    $1000 23
percussion

Joey
    $1000 28
Community

Yejun
    $1000 4
Alexander Graham Bell

Triple Stumper

Scores at the first commercial break (after clue 15):

Yejun Mitch Joey
$400 $3,600 $2,800

Scores at the end of the Jeopardy! Round:

Yejun Mitch Joey
$2,800 $4,600 $5,600

Double Jeopardy! Round responses

PREFIXES
RIVER CITY
ART APPRECIATION
LITTLE, MEDIUM OR BIG DOG ON CAMPUS
BILLBOARD YEAR-END NO. 1 ALBUMS
ASSIGNED READING MATH
    $400 14
fore-

Yejun
    $400 30
the Nile

Yejun
    $400 28
David

Yejun
    $400 9
(Mitch: What is a terrier?)
(Joey: What is a Yorkie?)

a sheepdog

MitchJoey
Triple Stumper
    $400 1
Frozen

Yejun
    $400 10
the Iliad

Joey
    $800 15
ultra-

Joey
    $800 29
Florence

Yejun
    $800 27
mobile

Triple Stumper
    $800 19
a boxer

Joey
    $800 2
25

Joey
    $800 22
The Madwoman

Triple Stumper
    $1200 5
Proto-

Joey
    $1200 18
Manchester

Mitch
    $1200 8
Gross

Mitch
    $1200 26
an Afghan

Triple Stumper
    $1200 13
Taylor Swift

Yejun
    $1200 23
(Mayim: Right. And that's our rough estimate.)

Evolution

Joey
    $3,000 3
(Joey: [Wagering] I've always wanted to say this... $3,000.)
...
(Joey: What is.. uh...)

macro

Joey
    $1600 7
Delhi

Triple Stumper
    $3,000 24
(Salvador) DalĂ­

Joey
    $1600 25
a basset hound

Joey
    $1600 12
Post Malone

Yejun
    $1600 16
(Joey: What is Pilgrim's Progress?)

A Modest Proposal

Joey
Triple Stumper
    $2000 4
(Yejun: What is hippo-?)
(Joey: What is pneumono-?)
[Initially ruled incorrect; reversed before the Daily Double at clue 24.]

pneumo-

YejunJoey
    $2000 21
(Joey: What is Hanoi?)

Ho Chi Minh City

MitchJoey
    $2000 17
Escher

Joey
    $2000 20
(Mayim: That would be [*], and there's nothing cuter than that video.)

a miniature Pinscher

Triple Stumper
    $2000 6
(Alicia) Keys

Joey
    $2000 11
Middlemarch

Joey

Scores at the end of the Double Jeopardy! Round:

Yejun Mitch Joey
$6,000 $8,600 $16,400

[wagering suggestions for these scores]

Final Jeopardy! Round responses

20th CENTURY LEADERS
(Mayim: [To Yejun] Yes, [*]. He was called this by JFK in 1963.)
YejunWho is churchill?
$0
MitchWho is Nelson Mandela?
$8,600
JoeyWho is Winston Churchill
$801
Winston Churchill

Final scores:

Yejun Mitch Joey
$6,000 $0 $17,201
2nd place: $10,000 3rd place: $10,000 Winner: semifinalist

Game dynamics:

Coryat scores:

Yejun Mitch Joey
$6,000 $8,400 $18,000
13 R,
3 W
11 R
(including 1 DD),
1 W
24 R
(including 1 DD),
5 W
(including 1 DD)

Combined Coryat: $32,400

[game clues] [game scores] [suggest correction]

Game tape date: 2021-11-22
The J! Archive is created by fans, for fans. Scraping, republication, monetization, and malicious use prohibited; this site may use cookies and collect identifying information. See terms. The Jeopardy! game show and all elements thereof, including but not limited to copyright and trademark thereto, are the property of Jeopardy Productions, Inc. and are protected under law. This website is not affiliated with, sponsored by, or operated by Jeopardy Productions, Inc. Join the discussion at JBoard.tv.